000 01241nam a22003497a 4500
003 CHAP
005 20220329141038.0
008 971013s1992 r 00010 d
010 _a61781
011 _a62753
035 _a66928
040 _cCHAP
082 _a632.95
_bM6
100 0 0 _aMoses, Marion.
_979007
245 _aCosecha dolorosa
_b: campesinos y pesticidas
260 _aSan Francisco, Ca. :
_bCentro de Educación sobre Pesticidas,
_c1992
300 _a2 v.
_b: 2 videos VHS
500 _aFotocopia
505 _aContenido : v.1 Trabajadores en el fil.--v.2 Mezcladores, cargadores y aplicadores
590 _aBATCH-UPD
_b10
_c20130110
_lUCH01
_h0228
590 _aBATCH-UPD
_b10
_c20130110
_lUCH01
_h0819
590 _aCONVERSION
_b10
_c20130109
_lUCH01
_h1333
650 1 4 _aPesticidas
_xLeyes.
_987561
650 1 4 _aPesticidas
_xMedidas de Seguridad.
_987564
650 1 4 _aPesticidas
_xToxicidad.
_987571
901 _aBK
942 _cLIBRO
949 _a632.95 M6
_bBC
_cLIBRO
_d-152169
_eLIBRO
_fv.2
_h91290
_i66928
_si
949 _a632.95 M6
_bBC
_cLIBRO
_d33724000682639
_eLIBRO
_fv.1
_h91289
_i66928
_si
949 _a632.95 M6
_bBC
_cV
_d-152449
_eV
_fv.1
_i66928
_si
949 _a632.95 M6
_bBC
_cV
_d33724000682662
_eV
_fv.2
_i66928
_si
999 _c61781
_d61781